Estudio de la absorción de Mercurio (II) en Soluciones Acuosas y su remoción en columnas empacadas utilizando Cáscara de Naranja (Citrus sinensis) como Bioadsorbente
Presenta un estudio principal sobre el equilibrio, cinética de adsorción y remoción de mercurio en columnas empacadas utilizando cáscara de naranja como bioadsorbente previamente tratada. El proceso se inicia eliminando algunos compuestos indeseables como azúcares, ácido cítrico, glucósidos,...
| Main Authors: | , |
|---|---|
| Other Authors: | |
| Format: | Tesis Section = Libro |
| Language: | Undetermined Spanish |
| Published: |
Managua
UNI
2020
|
| Subjects: |
| LEADER | 01408nam a2200277Ia 4500 | ||
|---|---|---|---|
| 008 | 240830s9999 xx 000 0 und d | ||
| 040 | |a BIBLIOTECA-RUSB/ Mon 660.0286 F475 | ||
| 041 | |a spa | ||
| 082 | |a Mon 660.0286 F475 | ||
| 100 | 1 | |a Figueroa Aguilar, Jackeline Elizabeth | |
| 100 | 1 | |b Rodríguez Espinoza, Eddy Nefthaly | |
| 245 | 1 | 0 | |a Estudio de la absorción de Mercurio (II) en Soluciones Acuosas y su remoción en columnas empacadas utilizando Cáscara de Naranja (Citrus sinensis) como Bioadsorbente |
| 260 | |a Managua |b UNI |c 2020 | ||
| 300 | |a 94 p. :il. | ||
| 500 | |a Contiene: anexos y CD. | ||
| 502 | |a Tesis (Ingeniero Químico) - UNI, 2020. | ||
| 520 | 3 | |a Presenta un estudio principal sobre el equilibrio, cinética de adsorción y remoción de mercurio en columnas empacadas utilizando cáscara de naranja como bioadsorbente previamente tratada. El proceso se inicia eliminando algunos compuestos indeseables como azúcares, ácido cítrico, glucósidos, aceites esenciales y polímeros, con el fin de dar una mayor estabilidad al material filtrante, adquiriendo una amyor capacidad de absorción. | |
| 650 | 7 | |a CONTAMINACION INDUSTRIAL | |
| 650 | 7 | |b QUIMICA DEL MEDIO AMBIENTE | |
| 650 | 7 | |c MERCURIO | |
| 650 | 7 | |d CASCARA DE NARANJA | |
| 650 | 7 | |e CINETICA DE ABSORCION | |
| 700 | 1 | |a Tutor: |b Betanco Figueroa, Nelly | |
| 942 | |c BK |2 ddc | ||
| 991 | |a TESIS | ||
| 999 | |c 20631 | ||